The Urban and regional transformation of Britain / (Record no. 17497)
[ view plain ]
| 000 -LEADER | |
|---|---|
| fixed length control field | 00957 am a2200253ua 4500 |
| 001 - CONTROL NUMBER | |
| control field | 012619437 |
| 005 - DATE AND TIME OF LATEST TRANSACTION | |
| control field | 20130818130704.0 |
| 008 - FIXED-LENGTH DATA ELEMENTS--GENERAL INFORMATION | |
| fixed length control field | 840130s1983 enkab | 001 | eng |
| 020 ## - INTERNATIONAL STANDARD BOOK NUMBER | |
| International Standard Book Number | 0416309003 |
| 020 ## - INTERNATIONAL STANDARD BOOK NUMBER | |
| International Standard Book Number | 9780416309003 |
| 082 04 - DEWEY DECIMAL CLASSIFICATION NUMBER | |
| Classification number | 330.9410856 |
| Edition number | 19 |
| Item number | URB |
| 245 04 - TITLE STATEMENT | |
| Title | The Urban and regional transformation of Britain / |
| Statement of responsibility, etc | edited by J.B. Goddard and A.G. Champion. |
| 260 ## - PUBLICATION, DISTRIBUTION, ETC. (IMPRINT) | |
| Place of publication, distribution, etc | London : |
| Name of publisher, distributor, etc | Methuen, |
| Date of publication, distribution, etc | 1983. |
| 300 ## - PHYSICAL DESCRIPTION | |
| Extent | xxii,281p. : |
| Other physical details | ill., maps ; |
| Dimensions | 24cm. |
| 500 ## - GENERAL NOTE | |
| General note | Bibliography: p260-275. _ Includes index. |
| 650 #0 - SUBJECT ADDED ENTRY--TOPICAL TERM | |
| Topical term or geographic name as entry element | Regional planning |
| Geographic subdivision | Great Britain |
| General subdivision | History. |
| 9 (RLIN) | 33411 |
| 651 #0 - SUBJECT ADDED ENTRY--GEOGRAPHIC NAME | |
| Geographic name | Great Britain |
| General subdivision | Economic conditions |
| Chronological subdivision | 1964-1979. |
| 9 (RLIN) | 33412 |
| 651 #0 - SUBJECT ADDED ENTRY--GEOGRAPHIC NAME | |
| Geographic name | Great Britain |
| General subdivision | Economic conditions |
| Chronological subdivision | 1979-1997. |
| 9 (RLIN) | 33413 |
| 651 #0 - SUBJECT ADDED ENTRY--GEOGRAPHIC NAME | |
| Geographic name | Great Britain |
| General subdivision | Social conditions |
| Chronological subdivision | 1945- |
| 9 (RLIN) | 33414 |
| 653 ## - INDEX TERM--UNCONTROLLED | |
| Arrived date list | August2013 |
| Resource For college | |
| 700 1# - ADDED ENTRY--PERSONAL NAME | |
| Personal name | Goddard, J. B. |
| Fuller form of name | (John Burgess), |
| Dates associated with a name | 1943- |
| 9 (RLIN) | 33415 |
| 700 1# - ADDED ENTRY--PERSONAL NAME | |
| Personal name | Champion, A. G. |
| Fuller form of name | (Anthony Gerard) |
| 9 (RLIN) | 33416 |
| 942 ## - ADDED ENTRY ELEMENTS (KOHA) | |
| Source of classification or shelving scheme | Dewey Decimal Classification |
| Item type | Book - Borrowing |
| Withdrawn status | Item status | Source of classification or shelving scheme | Damaged status | Not for loan | Vendor | Home library | Current library | Shelving location | Date acquired | Source of acquisition | Total Checkouts | Full call number | Barcode | Date last seen | Koha item type |
|---|---|---|---|---|---|---|---|---|---|---|---|---|---|---|---|
| Dewey Decimal Classification | Donation-Gift | Central Library | Central Library | First floor | 18/08/2013 | 330.9410856 URB | 000028798 | 15/07/2025 | Book - Borrowing |